000 00892nam a22001817a 4500
005 20250120145750.0
008 240815b ||||| |||| 00| 0 eng d
082 _22023
_aUT
100 _aAnecito, Krystal S.
_957805
245 _aThe mediating effect of organizational politics on the relationship between employee engagement and satisfaction in the selected higher education institution in digos city /
_cKrystal S. Anecito, Princess May S. Baylon, and Jenelyn B. Orbita
260 _aDigos City :
_bUMDC,
_cFebruary 2023.
300 _aviii, 64 pages :
_c30 cm.
521 _aHuman Resource Development International enchancing, performance, learning and integrity, vol. 23, no. 1, pages 46-65, February 2020.
650 _aHuman Resources Management.
_xUndergraduate Thesis.
_957539
700 _aBaylon, Princess May S.
_957806
700 _aOrbita, Jenelyn B.
_957807
942 _2ddc
_cUT
999 _c20471
_d20471